00310nam a2200121Ia 4500008004100000020002200041041000800063082002400071100001800095245003100113260003500144300000900179230411s9999 xx 000 0 und d a978-93-5025-068-6 aeng aD/617.11/DHA/B06585 aDhanraj Prema aBasics in Burns for Nurses bJaypee BrothersaChennaic2011 a258p